Vybrané aspekty digitálneho marketingu bakalárska práca

Salvato in:
Dettagli Bibliografici
Autore principale: Katančík, Ján
Ente Autore: Obchodná fakulta EU. Katedra marketingu
Altri autori: Miklošík, Andrej
Natura: Libro
Lingua:slovacco
Pubblicazione: Bratislava 2014
Tags: Aggiungi Tag
Nessun Tag, puoi essere il primo ad aggiungerne!!

MARC

LEADER 00000nbm a2200000 4500
001 0188197
005 20170201100447.4
041 0 |a slo 
044 |a SK 
245 1 0 |a Vybrané aspekty digitálneho marketingu  |b bakalárska práca  |c Ján Katančík ; školiteľ: Andrej Miklošík 
264 1 |a Bratislava  |c 2014 
300 |a 45 s. 
100 1 |a Katančík, Ján 
700 1 |a Miklošík, Andrej 
710 2 |a Obchodná fakulta EU. Katedra marketingu